LE SSERAFIM - Perfect Night - Statistics

General Stats
  • This quiz has been taken 193 times
  • The average score is 223 of 290
Answer Stats
Answer % Correct
a
99%
i
99%
my
97%
and
94%
all
93%
feel
93%
got
93%
me
93%
we
93%
it
91%
the
91%
it's
90%
party
90%
feeling
88%
girlies
88%
girls
88%
in
88%
to
88%
with
87%
'til
86%
early
85%
gon'
85%
need
85%
no
85%
perfect
85%
tonight
85%
some
82%
don't
80%
morning
80%
yeah
80%
you
80%
beat
79%
energy
79%
good
79%
like
79%
way
79%
free
78%
magic
78%
can
77%
care
77%
i'm
77%
right
77%
world
77%
nothing
76%
come
75%
is
75%
night
75%
or
75%
that
75%
wrong
75%
dancing
74%
else
74%
flawless
74%
traffic
74%
but
73%
what's
73%
whole
73%
wide
73%
company
72%
credit
72%
know
72%
radio
72%
there's
72%
59
71%
better
71%
card
71%
caught
70%
when
70%
11
69%
light
69%
ooh
69%
ride
68%
blasting
67%
take
67%
red
65%
at
64%
blowing
64%
line
64%
midnight
64%
up
64%
start
62%
through
62%
after
61%
by
61%
goodbye
59%
drop
58%
i'd
58%
oh
55%
on
55%
otherworldly
50%
babe
49%
motion
49%
sing
49%
slow
49%
counts
48%
real
47%
we'll
47%
stuck
45%
fit
44%
make
44%
live
40%
waiting
39%
still
38%
why
38%
loading
32%
ah
24%
ohh
9%
No matching quizzes found
Score Distribution
Percent of People with Each Score
Percentile by Number Answered
Your Score History
You have not taken this quiz